| 000 | 00938cam a2200253 i 4500 | ||
|---|---|---|---|
| 001 | 17079068 | ||
| 005 | 20120321115415.0 | ||
| 008 | 111024s2011 enk 000 0 eng | ||
| 020 | _a0571274625 | ||
| 020 | _a9780571274628 (pbk.) | ||
| 082 |
_222 _a822.914 _bAYC |
||
| 100 | 1 |
_aAyckbourn, Alan, _d1939- _930444 |
|
| 240 | 1 | 0 |
_aPlays. _kSelections |
| 245 | 1 | 0 |
_aPlays Five / _cAlan Ayckbourn. |
| 246 | 1 | 4 | _aAlan Ayckbourn: plays 5 |
| 260 |
_aLondon : _bFaber and Faber, _c2011. |
||
| 300 |
_axii, 480 pages ; _c20 cm. |
||
| 490 | 0 |
_aContemporary classics _930445 |
|
| 505 | 0 | _aSnake in the grass -- If I were you -- Life and Beth -- My wonderful day -- Life of Riley. | |
| 653 |
_bENG _cJuly2012 |
||
| 942 |
_2ddc _cBB |
||
| 999 |
_c16837 _d16837 |
||